00986 a2200217 4500952011800000952011800118952011800236999001500354020002500369050002000394100002000414245009900434264002600533300002400559500001900583504004000602650003500642650004400677700002100721942002600742 00104070aCCLbCCLcGENd2021-03-30i029266l0oRJ 206 ALD 2008p029266r2021-03-30 00:00:00t1w2021-03-30yBK 00104070aCCLbCCLcGENd2021-03-30i029267l0oRJ 206 ALD 2008p029267r2021-03-30 00:00:00t2w2021-03-30yBK 00104070aCCLbCCLcGENd2021-03-30i029265l0oRJ 206 ALD 2008p029265r2021-03-30 00:00:00t3w2021-03-30yBK c5173d5173 a9781412947220 (pbk.)00aRJ 206 ALD 20081 aAlbon, Deborah.10aFood and Health in Early Childhood :ba holistic approach /cDeborah Albon and Penny Mukherji. aLondon :bSAGE,c2008 ax, 171 p. :bill. ; aincludes index aIncludes bibliographical references 0aPreschool childrenxNutrition. 0aPreschool childrenxHealth and hygiene.1 aMukherji, Penny. 2lcccBKh206iALDkRJ